<?xml version="1.0" encoding="UTF-8"?><?xml-stylesheet type="text/xsl" href="static/style.xsl"?><OAI-PMH xmlns="http://www.openarchives.org/OAI/2.0/" xmlns:xsi="http://www.w3.org/2001/XMLSchema-instance" xsi:schemaLocation="http://www.openarchives.org/OAI/2.0/ http://www.openarchives.org/OAI/2.0/OAI-PMH.xsd"><responseDate>2026-04-17T04:04:03Z</responseDate><request verb="GetRecord" identifier="oai:www.recercat.cat:10256/18724" metadataPrefix="marc">https://recercat.cat/oai/request</request><GetRecord><record><header><identifier>oai:recercat.cat:10256/18724</identifier><datestamp>2024-06-18T11:51:01Z</datestamp><setSpec>com_2072_452955</setSpec><setSpec>com_2072_2054</setSpec><setSpec>col_2072_453063</setSpec></header><metadata><record xmlns="http://www.loc.gov/MARC21/slim" xmlns:dcterms="http://purl.org/dc/terms/" xmlns:xsi="http://www.w3.org/2001/XMLSchema-instance" xmlns:doc="http://www.lyncode.com/xoai" xsi:schemaLocation="http://www.loc.gov/MARC21/slim http://www.loc.gov/standards/marcxml/schema/MARC21slim.xsd">
   <leader>00925njm 22002777a 4500</leader>
   <datafield ind2=" " ind1=" " tag="042">
      <subfield code="a">dc</subfield>
   </datafield>
   <datafield ind2=" " ind1=" " tag="720">
      <subfield code="a">Serra Putellas, Teresa</subfield>
      <subfield code="e">author</subfield>
   </datafield>
   <datafield ind2=" " ind1=" " tag="720">
      <subfield code="a">Barcelona, Aina</subfield>
      <subfield code="e">author</subfield>
   </datafield>
   <datafield ind2=" " ind1=" " tag="720">
      <subfield code="a">Soler del Monte, Marçal</subfield>
      <subfield code="e">author</subfield>
   </datafield>
   <datafield ind2=" " ind1=" " tag="720">
      <subfield code="a">Colomer, Jordi</subfield>
      <subfield code="e">author</subfield>
   </datafield>
   <datafield ind2=" " ind1=" " tag="260">
      <subfield code="c">2018-04-15</subfield>
   </datafield>
   <datafield ind2=" " ind1=" " tag="520">
      <subfield code="a">Daphnia are filter feeder organisms that prey on small particles suspended in the water column. Since Daphnia individuals can feed on wastewater particles, they have been recently proposed as potential organisms for tertiary wastewater treatment. However, analysing the effects of hydrodynamics on Daphnia individuals has scarcely been studied. This study focuses then, on quantifying the filtration and swimming velocities of D. magna individuals under different hydrodynamic conditions. Both D. magna filtration and movement responded differently if the flow was laminar or if it was turbulent. In a laminar-dominated flow regime Daphnia filtration was enhanced up to 2.6 times that of a steady flow, but in the turbulent-dominated flow regime D. magna filtration was inhibited. In the laminar flow regime D. magna individuals moved freely in all directions, whereas in the turbulent flow regime they were driven by the streamlines of the flow. A model based on Daphnia-particle encountering revealed that the filtration efficiency in the laminar regime was driven by the length of the D. magna individuals and the shear rate imposed by the system</subfield>
   </datafield>
   <datafield ind2=" " ind1=" " tag="520">
      <subfield code="a">This work was supported by the University of Girona funding MPCUdG2016 and by the INNOQUA project from the European Union'sHorizon 2020 research and innovation program (Ares(2016)1770486))</subfield>
   </datafield>
   <datafield ind1="8" ind2=" " tag="024">
      <subfield code="a">http://hdl.handle.net/10256/18724</subfield>
   </datafield>
   <datafield tag="653" ind2=" " ind1=" ">
      <subfield code="a">Daphnia magna</subfield>
   </datafield>
   <datafield tag="653" ind2=" " ind1=" ">
      <subfield code="a">Aigües residuals -- Depuració -- Tractament biològic</subfield>
   </datafield>
   <datafield tag="653" ind2=" " ind1=" ">
      <subfield code="a">Sewage -- Purification -- Biological treatment</subfield>
   </datafield>
   <datafield tag="653" ind2=" " ind1=" ">
      <subfield code="a">Aigua -- Depuració -- Filtració</subfield>
   </datafield>
   <datafield tag="653" ind2=" " ind1=" ">
      <subfield code="a">Water -- Purification -- Filtration</subfield>
   </datafield>
   <datafield ind2="0" ind1="0" tag="245">
      <subfield code="a">Daphnia magna filtration efficiency and mobility in laminar to turbulent flows</subfield>
   </datafield>
</record></metadata></record></GetRecord></OAI-PMH>